Metódy zisťovania a merania rizikových faktorov v plánovacom procese so zameraním na poľnohospodárstvo 2 kvantitatívne vyjadrenie vplyvu počasia na rastlinnú výrobu v SSR pomocou IOWA indexov

Uložené v:
Podrobná bibliografia
Hlavný autor: Šebek, Jozef
Ďalší autori: Abrahám, Miroslav
Médium: Kniha
Jazyk:Slovak
Vydavateľské údaje: Bratislava Vysoká škola ekonomická 1979
Tagy: Pridať tag
Žiadne tagy, Buďte prvý, kto otaguje tento záznam!

MARC

LEADER 00000nam a2200000 4500
001 c140913
005 20250703081600.4
041 0 |a slo 
044 |a SK 
245 1 0 |a Metódy zisťovania a merania rizikových faktorov v plánovacom procese so zameraním na poľnohospodárstvo 2  |b kvantitatívne vyjadrenie vplyvu počasia na rastlinnú výrobu v SSR pomocou IOWA indexov  |c Jozef Šebek, Miroslav Abrahám 
264 1 |a Bratislava  |b Vysoká škola ekonomická  |c 1979 
300 |a Prer. s. 
100 1 |a Šebek, Jozef 
700 1 |a Abrahám, Miroslav